Statistics for Palanga International Airport Destinations (Palanga, Lithuania)

Click here to take the quiz!

General Stats

  • This quiz has been taken 7 times
  • The average score is 3 of 5

Answer Stats

AirlineDestination% Correct
Scandinavian AirlinesCopenhagen
100%
Norwegian Air Shuttle/Scandinavian AirlinesOslo
86%
airBalticRiga
86%
RyanairLondon (Stansted)
57%
RyanairDublin
14%

Score Distribution

Percentile by Number Answered

Percent of People with Each Score

Your Score History

You have not taken this quiz